Panamá

Gespeichert in:
Bibliographische Detailangaben
Körperschaft: FLACSO
Format: Text
Veröffentlicht: San José: FLACSO
Tags: Tag hinzufügen
Keine Tags, Fügen Sie den ersten Tag hinzu!

MARC

LEADER 00000 a a2200000 04500
001 23973
003
040
090 |a 170103  
110 |a FLACSO  
245 |a Panamá  
260 |a San José:   |b FLACSO  
999 |c 15094  |d 15094